000 00442nam a2200169Ia 4500
003 GCL
008 140319s9999 xx 000 0 eng d
040 _aGCL /
_cGCL
082 0 4 _a621.3092
_bC A
100 1 _aCOTTON, H.
245 1 0 _aADVANCED ELECTRICAL TECHNOLOGY /
_cCOTTON, H.
260 _a[S.N] :
_bWHEELER PUBLISHING ،
_c1993
300 _a1293 P
650 0 4 _aELECTROMAGNETIC
650 0 4 _aELECTRIC ENGINEERING
942 _2ddc
_cBK
999 _c20606
_d20606